<?xml version="1.0" encoding="UTF-8"?>
<marc:record xmlns:marc="http://www.loc.gov/MARC21/slim">
   <marc:leader>00000nam a2200000 a 4500</marc:leader>
   <marc:datafield ind1="1" ind2=" " tag="100">
      <marc:subfield code="a">Spaeny, Cailee</marc:subfield>
   </marc:datafield>
   <marc:datafield ind1=" " ind2=" " tag="653">
      <marc:subfield code="a">Hexen</marc:subfield>
   </marc:datafield>
   <marc:datafield ind1="0" ind2="0" tag="245">
      <marc:subfield code="a">Der Hexenclub</marc:subfield>
   </marc:datafield>
   <marc:datafield ind1=" " ind2="1" tag="264">
      <marc:subfield code="b">Sony Pictures Home Entertainment</marc:subfield>
      <marc:subfield code="c">2021</marc:subfield>
   </marc:datafield>
   <marc:datafield ind1="1" ind2=" " tag="520">
      <marc:subfield code="a">In der Blumhouse-Fortsetzung des Kult-Hits DER HEXENCLUB testen vier Teenager-Hexen, die unterschiedlicher nicht sein könnten, ihre neu entdeckten Kräfte &#x96; und handeln sich damit eine Menge Ärger ein. Als Lily (Cailee Spaeny) mit ihrer Mutter Helen (Michelle Monaghan) in eine neue Stadt ziehen muss, lernt sie an ihrer neuen Schule Frankie (Gideon Adlon), Tabby (Lovie Simone) und Lourdes (Zoey Luna) kennen. Schnell werden die vier zu besten Freundinnen und Lily wird in ihren Hexenzirkel aufgenommen, wo sie schon bald entdeckt, dass sie tatsächlich über magische Kräfte verfügt</marc:subfield>
   </marc:datafield>
   <marc:datafield ind1=" " ind2=" " tag="020">
      <marc:subfield code="a">4030521758575</marc:subfield>
      <marc:subfield code="9">4030521758575</marc:subfield>
   </marc:datafield>
   <marc:datafield ind1="0" ind2=" " tag="490">
      <marc:subfield code="v">0</marc:subfield>
   </marc:datafield>
   <marc:datafield ind1=" " ind2=" " tag="300">
      <marc:subfield code="a">91 Minuten</marc:subfield>
   </marc:datafield>
</marc:record>
